000 02776cam a22002775a 4500
999 _c27323
_d27294
005 20190404120104.0
008 170810t2019 maua fr 001 0 eng d
020 _a9781337567480
020 _a1337567485
040 _aDLC
_beng
_cDLC
_dEG-ScBUE
_dEG-ScBUE
082 0 4 _a629.25040288
_bGIL
_222
100 1 _aGilles, Tim.
245 1 0 _aAutomotive engines :
_bdiagnosis, repair and rebuilding /
_cTim Gilles.
250 _a8th. ed.
260 _aBoston :
_bCengage Learning,
_cc.2019.
300 _axvii, 729 p. :
_bill. (col.) ;
_c28 cm.
500 _aIncludes index.
500 _aIncludes glossary.
500 _aIncludes QR code.
520 _aThis comprehensive resource provides detailed content on the theory of operation, diagnosis, repair, and rebuilding of automotive engines. Students will gain essential technical expertise as they develop the skills and knowledge they need for professional success, including critical thinking and awareness of key industry trends and practices. AUTOMOTIVE ENGINES: DIAGNOSIS, REPAIR, AND REBUILDING, Eighth Edition, emphasizes universal repair techniques and case histories based on real-world scenarios to prepare users for careers in the field. Instructor resources include lesson plans, customizable lab sheets that address ASE Education Foundation Standards, a customizable test bank with questions based on chapter content, PowerPoint® presentations, and more. Now updated with new, full-color images and information on the latest trends, tools, and technology—including hybrid engines and high-performance components—this trusted resource is the ideal choice for automotive program instructors who want a complete teaching package for their Engines course.
520 _aThe Eighth Edition includes updated information on cooling and lubrication systems, reflecting recent advances in engine technology and current trends and practices in the field. The author has updated and added new case histories highlighting relevant real-world situations, providing more opportunities for students to hone critical-thinking skills and explore practical applications of key concepts covered in the text. New Vintage Engines features provide useful context to help students appreciate newer technologies within a broader historical perspective; features present interesting facts about older technologies alongside relevant photographs. A dedicated section on high performance includes three chapters with the newest information on engine breathing, including intake and exhaust manifolds, turbocharging, supercharging, high-performance camshafts, and variable valve timing.
650 7 _aAutomobiles
_xMotors
_xMaintenance and repair.
_2BUEsh
651 _2BUEsh
653 _bENGMEC
_cMarch2019
942 _2ddc